[Event "9. Open Internacional de Galapagar"]
[Site "Galapagar ESP"]
[Date "2008.07.21"]
[Round "3.13"]
[White "Saiz Lopez, Antonio"]
[Black "Baldwin del Castillo, Ricardo"]
[Result "1-0"]
[WhiteElo "1939"]
[BlackElo "2045"]
[PlyCount "71"]
[EventDate "2008.07.19"]
[EventType "swiss"]
[EventRounds "9"]
[EventCountry "ESP"]
[Source "lmi"]
[SourceDate "2008.07.19"]

1. d4 Nf6 2. Nf3 g6 3. g3 Bg7 4. Bg2 c5 5. d5 d6 6. Nc3 O-O 7. O-O e6 8. e4 b5
9. Nxb5 Nxe4 10. Re1 a6 11. Na3 Nf6 12. dxe6 Ra7 13. exf7+ Raxf7 14. Ng5 Re7
15. Rxe7 Qxe7 16. Bf4 d5 17. Bxb8 Bg4 18. f3 Qe3+ 19. Kh1 Qxg5 20. Bf4 Qf5 21.
fxg4 Nxg4 22. Qxd5+ Kh8 23. Qxf5 Rxf5 24. c3 g5 25. Bd2 Rf2 26. Nc4 Ne5 27.
Nxe5 Rxd2 28. Nf7+ Kg8 29. Nxg5 h6 30. Ne6 Bf6 31. Nxc5 Rxb2 32. Bd5+ Kg7 33.
Ne4 Be5 34. Rf1 h5 35. Rf5 Bb8 36. Rxh5 1-0

[Event "9. Open Internacional de Galapagar"]
[Site "Galapagar ESP"]
[Date "2008.07.21"]
[Round "3.15"]
[White "Perez Cameselle, Francisco Jose"]
[Black "Ortega Morales, Pedro"]
[Result "0-1"]
[WhiteElo "2017"]
[BlackElo "1932"]
[PlyCount "124"]
[EventDate "2008.07.19"]
[EventType "swiss"]
[EventRounds "9"]
[EventCountry "ESP"]
[Source "lmi"]
[SourceDate "2008.07.19"]

1. Nf3 d5 2. g3 Nf6 3. Bg2 e6 4. O-O c5 5. d3 Nc6 6. Nbd2 Be7 7. e4 dxe4 8.
dxe4 e5 9. c3 O-O 10. Qe2 Be6 11. Ng5 Bg4 12. f3 Bd7 13. Nh3 Qc8 14. Nf2 Rb8
15. a4 b6 16. f4 Ng4 17. f5 Nxf2 18. Rxf2 a6 19. Nc4 b5 20. axb5 axb5 21. Ne3
c4 22. Nd5 f6 23. Be3 Bd8 24. Bc5 Rf7 25. Rff1 Na5 26. Be3 Nb3 27. Ra7 Ra8 28.
Rxa8 Qxa8 29. Rd1 Qc6 30. Bf3 g6 31. g4 g5 32. h4 h6 33. hxg5 hxg5 34. Kg2 Rh7
35. Rh1 Qd6 36. Rxh7 Kxh7 37. Kf1 Qf8 38. Qh2+ Qh6 39. Qxh6+ Kxh6 40. Bd1 Na5
41. Bc2 Kg7 42. Bc5 Kf7 43. Ke2 Nc6 44. b3 Na5 45. bxc4 bxc4 46. Bb4 Bb5 47.
Ke3 Nc6 48. Bc5 Ne7 49. Bb1 Nxd5+ 50. exd5 Ke8 51. Ba2 Kd7 52. Bb1 Be7 53. Bxe7
Kxe7 54. Ke4 Kd6 55. Ba2 Kc5 56. Bb1 Ba4 57. Ba2 Bc2+ 58. Ke3 Kxd5 59. Kd2 Bd3
60. Ke3 e4 61. Kf2 Kd6 62. Ke3 Ke5 0-1

[Event "9. Open Internacional de Galapagar"]
[Site "Galapagar ESP"]
[Date "2008.07.21"]
[Round "3.16"]
[White "Rodriguez del Pino, Daniel"]
[Black "Julian Sierra, Rogelio"]
[Result "0-1"]
[WhiteElo "1939"]
[BlackElo "1998"]
[PlyCount "58"]
[EventDate "2008.07.19"]
[EventType "swiss"]
[EventRounds "9"]
[EventCountry "ESP"]
[Source "lmi"]
[SourceDate "2008.07.19"]

1. e4 d5 2. exd5 Nf6 3. Bb5+ Bd7 4. Bxd7+ Qxd7 5. c4 c6 6. Nf3 cxd5 7. d3 Nc6
8. O-O e6 9. a3 dxc4 10. dxc4 Qxd1 11. Rxd1 Na5 12. Ne5 Nb3 13. Ra2 Nxc1 14.
Rxc1 Rd8 15. b3 Bd6 16. Nf3 O-O 17. Nc3 Bf4 18. Rb1 Rd3 19. Ne2 Rfd8 20. Raa1
Bc7 21. Ned4 Bb6 22. Rd1 Bxd4 23. Rxd3 Bxf2+ 24. Kxf2 Rxd3 25. b4 Kf8 26. Ke2
Rc3 27. Ne5 Ke7 28. c5 Nd5 29. Ra2 Re3+ 0-1

[Event "9. Open Internacional de Galapagar"]
[Site "Galapagar ESP"]
[Date "2008.07.21"]
[Round "3.17"]
[White "Cerrato Torrijos, Maria"]
[Black "Rodriguez Garcia, Jose Maria"]
[Result "1/2-1/2"]
[WhiteElo "1877"]
[BlackElo "1996"]
[PlyCount "121"]
[EventDate "2008.07.19"]
[EventType "swiss"]
[EventRounds "9"]
[EventCountry "ESP"]
[Source "lmi"]
[SourceDate "2008.07.19"]

1. e4 c6 2. d4 d5 3. Nc3 dxe4 4. Nxe4 Bf5 5. Ng3 Bg6 6. h4 h6 7. N1e2 e6 8. Nf4
Bh7 9. Bd3 Qxd4 10. Be3 Qd8 11. Qf3 Bxd3 12. Nxd3 Qa5+ 13. Bd2 Qd5 14. Qe3 Nd7
15. Bc3 Ngf6 16. Nf4 Qc5 17. Qe2 O-O-O 18. O-O-O Nd5 19. Nxd5 cxd5 20. Nh5 Rg8
21. Kb1 g6 22. Nf4 Bd6 23. Nd3 Qc7 24. Qe3 Kb8 25. Qxh6 Rc8 26. Qd2 Qc4 27. Bb4
Bxb4 28. Nxb4 Rc7 29. Nd3 Rgc8 30. Rc1 Ka8 31. Qf4 Nb6 32. Qxc4 Nxc4 33. c3
Nd2+ 34. Ka1 a6 35. h5 gxh5 36. Rxh5 d4 37. Ne5 dxc3 38. Rxc3 Rxc3 39. bxc3 f6
40. Nd7 Rxc3 41. Nxf6 Ka7 42. Re5 Nc4 43. Re1 Rc2 44. Ne4 Kb6 45. g4 Ne5 46.
Kb1 Rc6 47. g5 Ng6 48. Rh1 Nf4 49. f3 Ka5 50. Rg1 e5 51. Nd2 Rg6 52. Nc4+ Kb4
53. Nxe5 Re6 54. Rg4 Rxe5 55. Rxf4+ Kc3 56. Re4 Rxg5 57. Re3+ Kd4 58. Rb3 b5
59. Kb2 Rg2+ 60. Ka3 Rf2 61. Rb4+ 1/2-1/2

[Event "9. Open Internacional de Galapagar"]
[Site "Galapagar ESP"]
[Date "2008.07.21"]
[Round "3.19"]
[White "Leniz Martinez, Francisco"]
[Black "Ballesteros Gonzalez, David"]
[Result "0-1"]
[WhiteElo "1904"]
[BlackElo "2285"]
[PlyCount "66"]
[EventDate "2008.07.19"]
[EventType "swiss"]
[EventRounds "9"]
[EventCountry "ESP"]
[Source "lmi"]
[SourceDate "2008.07.19"]

1. Nf3 Nf6 2. g3 c5 3. c4 Nc6 4. Nc3 g6 5. Bg2 Bg7 6. O-O O-O 7. e4 d6 8. h3
Nd4 9. d3 a6 10. Bd2 Bd7 11. Rb1 b5 12. b3 b4 13. Ne2 Nxf3+ 14. Bxf3 Bxh3 15.
Re1 e5 16. Bg5 h6 17. Bxf6 Bxf6 18. Kh2 Bd7 19. Rh1 Kg7 20. Bg2 a5 21. Qc2 a4
22. Rhf1 axb3 23. axb3 Ra3 24. f4 Qa5 25. f5 Ra2 26. Rb2 Rxb2 27. Qxb2 Ra8 28.
g4 Qa2 29. Rb1 Bg5 30. Bf3 Qxb2 31. Rxb2 Ra1 32. Kg2 Be3 33. Kh2 Kf6 0-1

[Event "9. Open Internacional de Galapagar"]
[Site "Galapagar ESP"]
[Date "2008.07.21"]
[Round "3.20"]
[White "De la Fuente Gonzalez, Francisco"]
[Black "Nieto Rubio, Jose"]
[Result "1-0"]
[WhiteElo "2232"]
[BlackElo "1922"]
[PlyCount "73"]
[EventDate "2008.07.19"]
[EventType "swiss"]
[EventRounds "9"]
[EventCountry "ESP"]
[Source "lmi"]
[SourceDate "2008.07.19"]

1. c4 e6 2. g3 d5 3. Bg2 Nf6 4. Nf3 dxc4 5. Qa4+ Nbd7 6. Nc3 a6 7. Ne5 Rb8 8.
Nxd7 Qxd7 9. Qxc4 b5 10. Qc6 Bb7 11. Qxd7+ Nxd7 12. O-O Bxg2 13. Kxg2 c5 14. d3
Be7 15. a4 O-O 16. axb5 axb5 17. Ra7 Rfd8 18. Bf4 Ra8 19. Rfa1 Rxa7 20. Rxa7 b4
21. Ne4 Bf8 22. Be3 Nf6 23. Bg5 Rd7 24. Nxf6+ gxf6 25. Rxd7 fxg5 26. g4 Kg7 27.
Kf3 Kg6 28. b3 Bg7 29. e3 Be5 30. h3 h6 31. d4 cxd4 32. exd4 Bf4 33. d5 exd5
34. Rxd5 h5 35. Rd4 f5 36. gxf5+ Kxf5 37. Rxf4+ 1-0

[Event "9. Open Internacional de Galapagar"]
[Site "Galapagar ESP"]
[Date "2008.07.21"]
[Round "3.21"]
[White "Martinez Alvarez, Carlos"]
[Black "Anton Veiga, Juan Carlos"]
[Result "0-1"]
[WhiteElo "1902"]
[BlackElo "2153"]
[PlyCount "96"]
[EventDate "2008.07.19"]
[EventType "swiss"]
[EventRounds "9"]
[EventCountry "ESP"]
[Source "lmi"]
[SourceDate "2008.07.19"]

1. e4 c5 2. Nf3 e6 3. Nc3 Nc6 4. d4 cxd4 5. Nxd4 a6 6. Be3 Nge7 7. Bd3 Nxd4 8.
Bxd4 Nc6 9. Be3 Qc7 10. a3 b5 11. f4 Na5 12. O-O Nc4 13. Bxc4 Qxc4 14. Qd4 Qxd4
15. Bxd4 Bb7 16. Rad1 Rc8 17. Rf2 Rc4 18. Rfd2 Rxd4 19. Rxd4 Bc5 20. Kf1 Bxd4
21. Rxd4 Ke7 22. a4 Rc8 23. g3 Rc5 24. Ke2 d6 25. Ke3 g5 26. axb5 gxf4+ 27.
gxf4 axb5 28. Rd2 Rc4 29. Rd4 Rc5 30. Rd2 Rh5 31. Re2 Rh3+ 32. Kd4 b4 33. Nd1
f6 34. e5 fxe5+ 35. fxe5 Rh4+ 36. Ke3 dxe5 37. Rf2 Rd4 38. Ke2 Ba6+ 39. Ke1 Rf4
40. Kd2 Kd6 41. Ke3 Rf5 42. Rd2+ Ke7 43. Nf2 Bb7 44. Nd3 Rh5 45. Rf2 Rh3+ 46.
Ke2 Ba6 47. Kd2 e4 48. Nf4 e3+ 0-1

[Event "9. Open Internacional de Galapagar"]
[Site "Galapagar ESP"]
[Date "2008.07.21"]
[Round "3.22"]
[White "Cabañas Jimenez, Manuel"]
[Black "Avendaño Mateos, Ivan Jose"]
[Result "1-0"]
[WhiteElo "2092"]
[BlackElo "1909"]
[PlyCount "47"]
[EventDate "2008.07.19"]
[EventType "swiss"]
[EventRounds "9"]
[EventCountry "ESP"]
[Source "lmi"]
[SourceDate "2008.07.19"]

1. e4 c6 2. d4 d5 3. f3 dxe4 4. fxe4 e5 5. Nf3 Be6 6. c3 exd4 7. cxd4 Bb4+ 8.
Bd2 Qa5 9. Nc3 Nf6 10. a3 Bxc3 11. Bxc3 Qb6 12. Bd3 Nbd7 13. Qd2 a5 14. O-O h6
15. Kh1 O-O 16. Rad1 Rfd8 17. Nh4 Qc7 18. Nf5 Ng4 19. e5 Bxf5 20. Rxf5 g6 21.
Rf3 c5 22. Qf4 cxd4 23. Qxf7+ Kh8 24. Bxg6 1-0

[Event "9. Open Internacional de Galapagar"]
[Site "Galapagar ESP"]
[Date "2008.07.21"]
[Round "3.23"]
[White "Rosa Ramirez, Victor D"]
[Black "Paarup, Torsten"]
[Result "0-1"]
[WhiteElo "1898"]
[BlackElo "2046"]
[PlyCount "73"]
[EventDate "2008.07.19"]
[EventType "swiss"]
[EventRounds "9"]
[EventCountry "ESP"]
[Source "lmi"]
[SourceDate "2008.07.19"]

1. e4 c5 2. c3 Nf6 3. e5 Nd5 4. d4 cxd4 5. cxd4 d6 6. Bc4 Nb6 7. Bb5+ Nc6 8.
Nf3 e6 9. Nc3 Bd7 10. O-O Nb4 11. Qe2 a6 12. Bxd7+ Qxd7 13. a3 N4d5 14. Ng5
Nxc3 15. bxc3 d5 16. Qh5 h6 17. f4 g6 18. Qh3 Rc8 19. g4 Rg8 20. Nh7 Bg7 21.
Kh1 Rh8 22. Nf6+ Bxf6 23. exf6 Na4 24. Bd2 Rc6 25. Rae1 Kd8 26. f5 gxf5 27.
gxf5 Re8 28. Qxh6 exf5 29. Qh7 Rxe1 30. Rxe1 Re6 31. Rg1 Re8 32. Rg5 Nb6 33.
Qxf5 Qa4 34. Qf4 Kd7 35. Qg4+ Kc6 36. Re5 Rxe5 37. dxe5 0-1

[Event "9. Open Internacional de Galapagar"]
[Site "Galapagar ESP"]
[Date "2008.07.21"]
[Round "3.24"]
[White "Tevar Sanz, Gonzalo"]
[Black "Bordo Bujalance, Enrique"]
[Result "0-1"]
[WhiteElo "1877"]
[BlackElo "2041"]
[PlyCount "48"]
[EventDate "2008.07.19"]
[EventType "swiss"]
[EventRounds "9"]
[EventCountry "ESP"]
[Source "lmi"]
[SourceDate "2008.07.19"]

1. e4 c5 2. Nf3 e6 3. c3 d5 4. e5 Nc6 5. d4 Qb6 6. Bd3 Bd7 7. Bc2 cxd4 8. cxd4
Nb4 9. Bb3 Bb5 10. Nc3 Nd3+ 11. Kd2 Bb4 12. Ba4 Nxf2 13. Qe2 Bxc3+ 14. bxc3
Ne4+ 15. Ke3 Bxa4 16. Ba3 Rc8 17. Rab1 Rxc3+ 18. Kf4 Qc7 19. Rhc1 Rxc1 20. Rxc1
Bc6 21. g4 Ne7 22. h4 f5 23. g5 Ng6+ 24. Ke3 f4+ 0-1

[Event "9. Open Internacional de Galapagar"]
[Site "Galapagar ESP"]
[Date "2008.07.21"]
[Round "3.25"]
[White "Garcia Serrano, Jose Manuel"]
[Black "Garcia Galeote, Lorenzo"]
[Result "0-1"]
[WhiteElo "1869"]
[BlackElo "2037"]
[PlyCount "94"]
[EventDate "2008.07.19"]
[EventType "swiss"]
[EventRounds "9"]
[EventCountry "ESP"]
[Source "lmi"]
[SourceDate "2008.07.19"]

1. e4 Nc6 2. d4 d5 3. Nc3 Nf6 4. e5 Nd7 5. e6 fxe6 6. Bd3 g6 7. h4 Nf6 8. g4 e5
9. g5 Nh5 10. Be2 exd4 11. Nb5 a6 12. Na3 Qd6 13. Bxh5 gxh5 14. Qxh5+ Qg6 15.
Qe2 Qe4 16. f3 Qxe2+ 17. Nxe2 e5 18. Bd2 Bf5 19. O-O-O Bxa3 20. bxa3 d3 21.
cxd3 Bxd3 22. Ng3 O-O-O 23. Bc3 Bc4 24. Nh5 Be2 25. Rdf1 Bxf1 26. Rxf1 Rhf8 27.
Ng7 Rd6 28. Bd2 Rf7 29. Ne8 Re6 30. Nf6 Nd4 31. Kd1 Rexf6 32. gxf6 Rxf6 33. f4
c5 34. a4 exf4 35. Rxf4 Rxf4 36. Bxf4 Kd7 37. Kd2 Ke6 38. Kd3 h5 39. a5 Nc6 40.
Bd2 Ke5 41. a3 c4+ 42. Kc3 Nxa5 43. Kb4 Nb3 44. Bh6 Ke4 45. Kc3 b5 46. Kc2 Nd4+
47. Kd1 Nf3 0-1

[Event "9. Open Internacional de Galapagar"]
[Site "Galapagar ESP"]
[Date "2008.07.21"]
[Round "3.26"]
[White "Gonzalo Gonzalez, Francisco"]
[Black "Cabanas Bravo, Juan Andres"]
[Result "0-1"]
[WhiteElo "1858"]
[BlackElo "2019"]
[PlyCount "98"]
[EventDate "2008.07.19"]
[EventType "swiss"]
[EventRounds "9"]
[EventCountry "ESP"]
[Source "lmi"]
[SourceDate "2008.07.19"]

1. e4 e5 2. Nf3 Nc6 3. Bc4 Bc5 4. c3 Nf6 5. b4 Bb6 6. d3 d6 7. Bg5 h6 8. Bh4 g5
9. Nxg5 hxg5 10. Bxg5 Rg8 11. h4 Bg4 12. f3 Be6 13. Bd5 Bxd5 14. exd5 Nb8 15.
Nd2 Nbd7 16. Ne4 Qe7 17. a4 a5 18. b5 O-O-O 19. g4 Rxg5 20. Nxg5 Nxd5 21. Ne4
Nc5 22. Nxc5 Bxc5 23. Qd2 Nxc3 24. Qg5 Qxg5 25. hxg5 Be3 26. Ra3 Nd5 27. Rh7
Bxg5 28. Rxf7 Rh8 29. d4 exd4 30. Kf2 Be3+ 31. Kg3 Nb4 32. Re7 Bg5 33. Rf7 Bh4+
34. Kf4 d3 35. Kf5 d2 36. Ra1 Nc2 37. Rb1 Ne3+ 38. Kg6 d1=Q 39. Rxd1 Nxd1 40.
f4 Nf2 41. Kg7 Re8 42. g5 Nh3 43. g6 Bg3 44. f5 Ng5 45. Kf6 Nxf7 46. Kxf7 Kd7
47. f6 Be5 48. g7 d5 49. Kg6 Bxf6 0-1

[Event "9. Open Internacional de Galapagar"]
[Site "Galapagar ESP"]
[Date "2008.07.21"]
[Round "3.27"]
[White "Mansilla Tolosa, Luis Eduardo"]
[Black "Marcos Herrero, Francisco"]
[Result "1-0"]
[WhiteElo "2016"]
[BlackElo "1891"]
[PlyCount "33"]
[EventDate "2008.07.19"]
[EventType "swiss"]
[EventRounds "9"]
[EventCountry "ESP"]
[Source "lmi"]
[SourceDate "2008.07.19"]

1. d4 Nf6 2. c4 g6 3. g3 Bg7 4. Nf3 O-O 5. Bg2 d6 6. Nc3 Nbd7 7. e4 e5 8. O-O
Re8 9. d5 Nc5 10. Ne1 a5 11. Be3 c6 12. dxc6 bxc6 13. Bxc5 dxc5 14. Qxd8 Rxd8
15. Na4 Rd4 16. f3 Rxc4 17. Nb6 1-0

[Event "9. Open Internacional de Galapagar"]
[Site "Galapagar ESP"]
[Date "2008.07.21"]
[Round "3.29"]
[White "Rodriguez Lopez, Ruben"]
[Black "Montero Garcia, Francisco Javier"]
[Result "0-1"]
[WhiteElo "2004"]
[BlackElo "1870"]
[PlyCount "64"]
[EventDate "2008.07.19"]
[EventType "swiss"]
[EventRounds "9"]
[EventCountry "ESP"]
[Source "lmi"]
[SourceDate "2008.07.19"]

1. e4 c5 2. Nf3 e6 3. Nc3 Nc6 4. d4 cxd4 5. Nxd4 Nf6 6. Ndb5 Bb4 7. a3 Bxc3+ 8.
Nxc3 d5 9. exd5 exd5 10. Bd3 O-O 11. O-O d4 12. Ne2 Bg4 13. Bg5 Re8 14. f3 Bh5
15. Ng3 Bg6 16. Bxg6 hxg6 17. Ne4 Rc8 18. Re1 Ne5 19. f4 Neg4 20. Bxf6 Nxf6 21.
Qd3 Nxe4 22. Rxe4 Rxe4 23. Qxe4 Qb6 24. b4 d3+ 25. Kh1 dxc2 26. Rc1 Qd6 27. Qe1
Qxf4 28. Kg1 Qd4+ 29. Kf1 Rc6 30. Qe8+ Kh7 31. g3 Rf6+ 32. Kg2 Qd2+ 0-1

[Event "9. Open Internacional de Galapagar"]
[Site "Galapagar ESP"]
[Date "2008.07.21"]
[Round "3.30"]
[White "Medrano del Val, Julio"]
[Black "Castejon Caballero, Andres"]
[Result "1/2-1/2"]
[WhiteElo "1742"]
[BlackElo "1993"]
[PlyCount "124"]
[EventDate "2008.07.19"]
[EventType "swiss"]
[EventRounds "9"]
[EventCountry "ESP"]
[Source "lmi"]
[SourceDate "2008.07.19"]

1. d4 Nf6 2. c4 g6 3. Nc3 d5 4. Nf3 Bg7 5. Bg5 Ne4 6. cxd5 Nxg5 7. Nxg5 e6 8.
Qd2 Bh6 9. f4 O-O 10. h4 exd5 11. O-O-O Bg4 12. Re1 Qd6 13. e3 a6 14. Be2 Bxe2
15. Rxe2 b5 16. h5 Bxg5 17. fxg5 b4 18. Na4 Nd7 19. b3 c5 20. h6 Rac8 21. Kb1
c4 22. e4 dxe4 23. d5 c3 24. Qd4 Qe5 25. Qxb4 c2+ 26. Rxc2 Rxc2 27. Kxc2 Rc8+
28. Kb1 Qxd5 29. Qe7 Qd3+ 30. Kb2 a5 31. Ka3 Qd4 32. Re1 Ne5 33. Nb6 Qb4+ 34.
Qxb4 axb4+ 35. Ka4 Rb8 36. Nc4 Nd3 37. Re2 Kf8 38. Nd6 Nc1 39. Rxe4 Nxa2 40.
Rf4 Nc3+ 41. Ka5 Ra8+ 42. Kb6 Nd5+ 43. Kb7 Nxf4 44. Kxa8 Ke7 45. Ne4 Ne6 46.
Kb7 Nd4 47. Kb6 Nxb3 48. Kb5 Nd4+ 49. Kxb4 Ne6 50. Kc4 Nxg5 51. Nxg5 f6 52.
Nxh7 Kf7 53. Kd5 g5 54. g4 Kg6 55. Ke6 Kxh7 56. Kxf6 Kxh6 57. Kf5 Kh7 58. Kf6
Kh6 59. Ke7 Kg7 60. Ke6 Kg6 61. Ke5 Kh6 62. Kf5 Kh7 1/2-1/2

[Event "9. Open Internacional de Galapagar"]
[Site "Galapagar ESP"]
[Date "2008.07.21"]
[Round "3.31"]
[White "Laurentiu, Burlacu"]
[Black "Ruiz de Alegria Madariaga, Carlos"]
[Result "0-1"]
[WhiteElo "206"]
[BlackElo "1980"]
[PlyCount "74"]
[EventDate "2008.07.19"]
[EventType "swiss"]
[EventRounds "9"]
[EventCountry "ESP"]
[Source "lmi"]
[SourceDate "2008.07.19"]

1. e4 e5 2. f4 exf4 3. Nf3 d5 4. exd5 Nf6 5. c4 c6 6. dxc6 Nxc6 7. d3 Bd6 8.
Be2 Qb6 9. a3 Ng4 10. Rf1 Bc5 11. Bxf4 Bf2+ 12. Rxf2 Qxf2+ 13. Kd2 Nd4 14. g3
Nxf3+ 15. Kc1 Ne3 16. Bxe3 Qxe3+ 17. Nd2 Nxd2 18. Qxd2 Qxd2+ 19. Kxd2 Bf5 20.
d4 O-O-O 21. Kc3 Rhe8 22. Bf1 Re3+ 23. Kd2 Rb3 24. d5 Rxb2+ 25. Kc3 Rxh2 26.
Kd4 Rh1 27. c5 Kb8 28. Rd1 Bh3 29. Be2 Rxd1+ 30. Bxd1 Bg2 31. Bb3 Bxd5 32. Bxd5
h5 33. Ke4 Rxd5 34. Kxd5 g5 35. Ke5 f6+ 36. Kf5 Kc7 37. a4 Kc6 0-1

[Event "9. Open Internacional de Galapagar"]
[Site "Galapagar ESP"]
[Date "2008.07.21"]
[Round "3.33"]
[White "Alvarez Carbajales, Fermin"]
[Black "Diaz Begonte, Manuel"]
[Result "1-0"]
[WhiteElo "1960"]
[BlackElo "1855"]
[PlyCount "65"]
[EventDate "2008.07.19"]
[EventType "swiss"]
[EventRounds "9"]
[EventCountry "ESP"]
[Source "lmi"]
[SourceDate "2008.07.19"]

1. e4 c6 2. d4 d5 3. exd5 Qxd5 4. c4 Qd8 5. Nc3 Nf6 6. Bg5 h6 7. Bh4 e6 8. Nf3
Be7 9. Bd3 O-O 10. O-O b6 11. Qe2 Bb7 12. Rad1 Re8 13. Bb1 Nd5 14. cxd5 Bxh4
15. Qe4 Bf6 16. Qh7+ Kf8 17. dxe6 Rxe6 18. Bf5 Nd7 19. Bxe6 fxe6 20. Ne5 Ke7
21. Ne4 Bxe5 22. dxe5 Qf8 23. Nd6 Ba6 24. Rfe1 Rd8 25. Qe4 c5 26. Qa4 Nb8 27.
Re3 b5 28. Qh4+ g5 29. Qe4 Qg7 30. Rf3 g4 31. Rf6 Rd7 32. Rg6 Qh7 33. Qxg4 1-0

[Event "9. Open Internacional de Galapagar"]
[Site "Galapagar ESP"]
[Date "2008.07.21"]
[Round "3.34"]
[White "Garcia Burguillo, Jose Maria"]
[Black "Tolosana Esteban, Enrique"]
[Result "1/2-1/2"]
[WhiteElo "1723"]
[BlackElo "1954"]
[PlyCount "112"]
[EventDate "2008.07.19"]
[EventType "swiss"]
[EventRounds "9"]
[EventCountry "ESP"]
[Source "lmi"]
[SourceDate "2008.07.19"]

1. e4 c5 2. f4 Nc6 3. Nf3 Nf6 4. e5 Nd5 5. d3 d6 6. exd6 Qxd6 7. Qd2 g6 8. Nc3
Bg7 9. Ne4 Qe6 10. Be2 b6 11. O-O Nd4 12. c3 Nxe2+ 13. Qxe2 h6 14. Qf2 Bb7 15.
Re1 Qd7 16. d4 cxd4 17. Nxd4 Nf6 18. Nxf6+ Bxf6 19. Be3 O-O-O 20. a4 e5 21. Nb5
a6 22. Na7+ Kb8 23. Bxb6 Qd5 24. Bxd8 Rxd8 25. fxe5 Bh4 26. Qf3 Qxf3 27. gxf3
Bxe1 28. Rxe1 Kxa7 29. Kf2 Bc8 30. a5 g5 31. Ke2 Bb7 32. b4 Re8 33. Kf2 f6 34.
exf6 Rf8 35. Re6 Rf7 36. c4 Bc8 37. Re7+ Rxe7 38. fxe7 Bd7 39. Ke3 Kb7 40. Kd4
Kc6 41. Ke5 Be8 42. Kf6 Kd6 43. Kg7 h5 44. Kf6 g4 45. fxg4 hxg4 46. Kg5 Bd7 47.
e8=Q Bxe8 48. Kxg4 Bf7 49. b5 Bxc4 50. bxa6 Bxa6 51. h4 Bd3 52. h5 Be2+ 53. Kg5
Bxh5 54. Kxh5 Kc6 55. a6 Kb6 56. a7 Kxa7 1/2-1/2

[Event "9. Open Internacional de Galapagar"]
[Site "Galapagar ESP"]
[Date "2008.07.21"]
[Round "3.35"]
[White "Navas Jimenez, Julian"]
[Black "Carrasco Espasandin, Pablo"]
[Result "1/2-1/2"]
[WhiteElo "1949"]
[BlackElo "1802"]
[PlyCount "95"]
[EventDate "2008.07.19"]
[EventType "swiss"]
[EventRounds "9"]
[EventCountry "ESP"]
[Source "lmi"]
[SourceDate "2008.07.19"]

1. Nf3 Nf6 2. c4 e6 3. Nc3 d5 4. d4 Be7 5. Bg5 O-O 6. e3 Nbd7 7. Qc2 c6 8. Bd3
h6 9. Bh4 dxc4 10. Bxc4 Nd5 11. Bxe7 Qxe7 12. O-O N7f6 13. Bb3 b6 14. Rfe1 Bb7
15. a3 c5 16. Nxd5 Bxd5 17. Bxd5 Nxd5 18. e4 Nf4 19. g3 Nh3+ 20. Kg2 Ng5 21.
Nxg5 Qxg5 22. dxc5 Qxc5 23. Qxc5 bxc5 24. Rac1 Rfc8 25. Rc4 Rab8 26. Re2 a5 27.
Rec2 Rb5 28. b4 axb4 29. axb4 Kf8 30. Rxc5 Rbxc5 31. bxc5 Ke7 32. Kf3 e5 33.
Kg4 g6 34. h4 Ke6 35. f4 f5+ 36. exf5+ gxf5+ 37. Kh5 e4 38. g4 fxg4 39. Kxg4
Rg8+ 40. Kh5 Kf5 41. c6 e3 42. c7 Rc8 43. Kxh6 Kxf4 44. Kg6 Kf3 45. h5 e2 46.
Rxe2 Kxe2 47. h6 Rxc7 48. h7 1/2-1/2

[Event "9. Open Internacional de Galapagar"]
[Site "Galapagar ESP"]
[Date "2008.07.21"]
[Round "3.41"]
[White "Caballero Gallego, Luis"]
[Black "Sadaba Rodriguez, Igor"]
[Result "0-1"]
[WhiteElo "1896"]
[BlackElo "1808"]
[PlyCount "69"]
[EventDate "2008.07.19"]
[EventType "swiss"]
[EventRounds "9"]
[EventCountry "ESP"]
[Source "lmi"]
[SourceDate "2008.07.19"]

1. e4 c6 2. d4 d5 3. exd5 cxd5 4. c4 Nf6 5. Nf3 e6 6. Nc3 Bb4 7. a3 Bxc3+ 8.
bxc3 O-O 9. cxd5 Qxd5 10. c4 Qe4+ 11. Be3 b6 12. Bd3 Qc6 13. Qe2 Nbd7 14. Rc1
Bb7 15. c5 bxc5 16. Bb5 Qc7 17. dxc5 Bxf3 18. gxf3 Nd5 19. Bd2 Rab8 20. O-O Qe5
21. Qd3 N7f6 22. Rfe1 Qc7 23. Ba6 Qc6 24. Qe2 Rfd8 25. Bd3 Rdc8 26. Qe5 Qc7 27.
Qxc7 Rxc7 28. Ba5 Rc6 29. Re2 Nf4 30. Rd2 Nxd3 31. Rxd3 Nd5 32. Bd2 h6 33. Be3
Rb5 34. Bd4 Nf4 35. Rdc3 0-1

[Event "9. Open Internacional de Galapagar"]
[Site "Galapagar ESP"]
[Date "2008.07.21"]
[Round "3.44"]
[White "Takvor Mena, Samuel"]
[Black "Martinez Rubio, Felipe"]
[Result "0-1"]
[WhiteElo "1667"]
[BlackElo "1923"]
[PlyCount "74"]
[EventDate "2008.07.19"]
[EventType "swiss"]
[EventRounds "9"]
[EventCountry "ESP"]
[Source "lmi"]
[SourceDate "2008.07.19"]

1. e4 c5 2. Nf3 e6 3. Nc3 a6 4. d3 Nc6 5. g3 g6 6. Be3 b6 7. Bg2 Bb7 8. O-O Bg7
9. Re1 Nge7 10. Qd2 Nd4 11. Bxd4 cxd4 12. Ne2 e5 13. c3 dxc3 14. Nxc3 O-O 15.
Rac1 Rc8 16. Nd5 Nxd5 17. exd5 Re8 18. Rxc8 Qxc8 19. Rc1 Qa8 20. Ne1 Bxd5 21.
Qb4 Bxg2 22. Nxg2 Qb8 23. Qa4 Rc8 24. Rb1 Qb7 25. Ne3 d5 26. b3 b5 27. Qb4 d4
28. Nc4 Qf3 29. Nb2 Rc2 30. Qe1 Bf8 31. Qf1 Ba3 32. Nd1 Rd2 33. Qe1 Rxd3 34. h4
e4 35. Qf1 Rd2 36. Ra1 e3 37. fxe3 Qxg3+ 0-1

[Event "9. Open Internacional de Galapagar"]
[Site "Galapagar ESP"]
[Date "2008.07.24"]
[Round "6.1"]
[White "Lopez del Alamo, Antonio"]
[Black "Morales Rivera, John Alexander"]
[Result "1/2-1/2"]
[WhiteElo "2293"]
[BlackElo "2329"]
[PlyCount "86"]
[EventDate "2008.07.19"]
[EventType "swiss"]
[EventRounds "9"]
[EventCountry "ESP"]
[Source "lmi"]
[SourceDate "2008.07.19"]

1. e4 c5 2. Ne2 d6 3. Nbc3 Nf6 4. g3 g6 5. Bg2 Bg7 6. O-O Nc6 7. d3 Rb8 8. f4
Bd7 9. f5 O-O 10. Bf4 b5 11. Qd2 Qa5 12. h3 Rfc8 13. Qe1 b4 14. Nd1 Ne8 15. Ne3
Qd8 16. Ng4 e5 17. Bd2 g5 18. h4 h6 19. hxg5 hxg5 20. Ne3 Nf6 21. Nc4 Ne8 22.
Qf2 Nd4 23. Nxd4 cxd4 24. Qe1 Bb5 25. b3 Bxc4 26. dxc4 a5 27. a3 Bf6 28. axb4
axb4 29. Ra4 Ra8 30. Rxa8 Rxa8 31. Bxb4 Qb6 32. Kh2 Kg7 33. Rh1 d3 34. cxd3 Rb8
35. Bd2 Qxb3 36. Qc1 Qxd3 37. Bxg5 Rb3 38. Bxf6+ Kxf6 39. Qh6+ Ke7 40. Qh4+ Nf6
41. Ra1 Qe3 42. Ra5 Rb2 43. Rb5 Rf2 1/2-1/2

[Event "9. Open Internacional de Galapagar"]
[Site "Galapagar ESP"]
[Date "2008.07.24"]
[Round "6.2"]
[White "Roa Alonso, Santiago"]
[Black "Bolado Saez, Sergio"]
[Result "1-0"]
[WhiteElo "2465"]
[BlackElo "2315"]
[PlyCount "79"]
[EventDate "2008.07.19"]
[EventType "swiss"]
[EventRounds "9"]
[EventCountry "ESP"]
[Source "lmi"]
[SourceDate "2008.07.19"]

1. e4 c5 2. Nf3 d6 3. c3 Nf6 4. h3 Nbd7 5. Bd3 b6 6. O-O Bb7 7. Re1 Qc7 8. Bc2
Rc8 9. c4 e6 10. Nc3 Be7 11. b3 O-O 12. d4 cxd4 13. Nxd4 a6 14. Bb2 Rfe8 15.
Rc1 Qb8 16. Re2 Bd8 17. Qd2 Bc7 18. Rce1 Rcd8 19. Qg5 h6 20. Qh4 Ne5 21. f4 Ng6
22. Qf2 e5 23. fxe5 dxe5 24. Nf5 Nf4 25. Rd2 b5 26. Rxd8 Qxd8 27. Rd1 Qa8 28.
Nd5 N6xd5 29. exd5 Qd8 30. Bc1 bxc4 31. bxc4 Bb6 32. c5 Ba7 33. Be3 Bxd5 34.
Bxf4 exf4 35. Qd4 Qg5 36. Qxd5 g6 37. Qc6 Re2 38. h4 Qh5 39. Rd8+ Kh7 40. Rh8+
1-0